Bitcoin : Le choc géopolitique (notice n° 1638748)

détails MARC
000 -LEADER
fixed length control field 01616cam a2200145 4500500
005 - DATE AND TIME OF LATEST TRANSACTION
control field 20260201002945.0
041 ## - LANGUAGE CODE
Language code of text/sound track or separate title fre
042 ## - AUTHENTICATION CODE
Authentication code dc
100 10 - MAIN ENTRY--PERSONAL NAME
Personal name Galli, Jean-Charles
Relator term author
245 00 - TITLE STATEMENT
Title Bitcoin : Le choc géopolitique
260 ## - PUBLICATION, DISTRIBUTION, ETC.
Name of publisher, distributor, etc. Armand Colin,<br/>
Date of publication, distribution, etc. 2025.<br/>
520 ## - SUMMARY, ETC.
Summary, etc. Face aux bouleversements géopolitiques, la souveraineté monétaire est revenue au centre des discussions. Les banques centrales accumulent de l’or, tandis que les BRICS cherchent à se passer du dollar. Et si Bitcoin ouvrait la voie à une alternative monétaire crédible, voire à un nouvel étalon ? En seize ans, Bitcoin a conquis des centaines de millions d’utilisateurs et défié les pronostics, malgré une hostilité ouverte de la part des États. Devise nativement numérique, indépendante des États et des banques, il s’impose dans le débat et promet de rebattre les cartes du système monétaire mondial. Pourquoi redéfinit-il la souveraineté à l’ère numérique ? Comment les puissances mondiales réagissent-elles face à cet enjeu stratégique ? Quels bouleversements entraîne-t-il, entre défis énergétiques et ambitions de contrôle ? À travers une analyse inédite, cet ouvrage propose une plongée au coeur de la révolution Bitcoin et explore son rôle en tant que nouvel instrument géopolitique. Un livre essentiel pour comprendre les mutations en cours et les futurs possibles de cette monnaie d’un nouveau genre.
700 10 - ADDED ENTRY--PERSONAL NAME
Personal name Stachtchenko, Alexandre
Relator term author
856 41 - ELECTRONIC LOCATION AND ACCESS
Uniform Resource Identifier <a href="https://shs.cairn.info/bitcoin-le-choc-geopolitique--9782200640507?lang=fr&redirect-ssocas=7080">https://shs.cairn.info/bitcoin-le-choc-geopolitique--9782200640507?lang=fr&redirect-ssocas=7080</a>

Pas d'exemplaire disponible.

PLUDOC

PLUDOC est la plateforme unique et centralisée de gestion des bibliothèques physiques et numériques de Guinée administré par le CEDUST. Elle est la plus grande base de données de ressources documentaires pour les Étudiants, Enseignants chercheurs et Chercheurs de Guinée.

Adresse

627 919 101/664 919 101

25 boulevard du commerce
Kaloum, Conakry, Guinée

Réseaux sociaux

Powered by Netsen Group @ 2025